00893 2200205 4500001002100000005001500021035002000036008004100056245005000097100002300147250000600170260003800176300001200214084001400226082000800240650001000248520040500258990001200663990001200675INLIS00000000000084220240607094631 a0010-0524000077240607 1 ind 1 aSpark, Terkepung 3 Cinta /cAlmino Situmorang aSitumorang, Almino a1 aYogyakarta :bSheila/ Andi,c2010 a288 hlm a813 ALM s a813 4aFiksi aKutahu itu tak mudah baginya. Kutahu dia juga terluka. Kutahu dia juga menangis dalam hati. Bagaimana tidak, aku sudah mengiyakan lamarannya, dan hanya dalam tempo beberapa minggu, aku tergoda oleh cinta yang lain. Itulah saat-saat tersulit dalam hidup. Ketika kau jatuh cinta dan tak bisa menyangkalnya. Ketika kau tak ingin percaya bahwa cinta bisa mengalahkan segalanya, bahkan rasio atau logika. a0741284 a0741285